<?xml version="1.0" encoding="UTF-8"?>
<record
    xmlns:xsi="http://www.w3.org/2001/XMLSchema-instance"
    xsi:schemaLocation="http://www.loc.gov/MARC21/slim http://www.loc.gov/standards/marcxml/schema/MARC21slim.xsd"
    xmlns="http://www.loc.gov/MARC21/slim">

  <leader>01101nam a22002537a 4500</leader>
  <controlfield tag="005">20170124103206.0</controlfield>
  <datafield tag="010" ind1=" " ind2=" ">
    <subfield code="a">B-056608</subfield>
  </datafield>
  <datafield tag="020" ind1=" " ind2=" ">
    <subfield code="c">200.00</subfield>
  </datafield>
  <datafield tag="035" ind1=" " ind2=" ">
    <subfield code="a">B-056608</subfield>
  </datafield>
  <datafield tag="037" ind1=" " ind2=" ">
    <subfield code="b">Cen Lib/Ret</subfield>
  </datafield>
  <datafield tag="040" ind1=" " ind2=" ">
    <subfield code="a">DPL</subfield>
    <subfield code="b">HN</subfield>
  </datafield>
  <datafield tag="082" ind1=" " ind2=" ">
    <subfield code="a">155.9042</subfield>
    <subfield code="b">&#x905;&#x928;&#x93F;&#x932; </subfield>
  </datafield>
  <datafield tag="100" ind1=" " ind2=" ">
    <subfield code="a">&#x905;&#x928;&#x93F;&#x932; &#x915;&#x941;&#x92E;&#x93E;&#x930; </subfield>
    <subfield code="9">93751</subfield>
  </datafield>
  <datafield tag="245" ind1=" " ind2=" ">
    <subfield code="a">&#x926; &#x92B;&#x94B;&#x930;&#x94D;&#x925; &#x921;&#x93E;&#x92F;&#x92E;&#x947;&#x902;&#x936;&#x928; :</subfield>
    <subfield code="c">&#x905;&#x928;&#x93F;&#x932; &#x915;&#x941;&#x92E;&#x93E;&#x930; </subfield>
    <subfield code="b">&#x91A;&#x94C;&#x925;&#x93E; &#x906;&#x92F;&#x93E;&#x92E; /</subfield>
  </datafield>
  <datafield tag="246" ind1=" " ind2=" ">
    <subfield code="a">The forth dimension : chutha ayam /</subfield>
    <subfield code="b">by Anil Kumar </subfield>
  </datafield>
  <datafield tag="260" ind1=" " ind2=" ">
    <subfield code="a">&#x928;&#x908; &#x926;&#x93F;&#x932;&#x94D;&#x932;&#x940; </subfield>
    <subfield code="b">&#x915;&#x94D;&#x930;&#x93E;&#x902;&#x91F;&#x94D;&#x938; &#x92A;&#x92C;&#x94D;&#x932;&#x93F;&#x915;&#x947;&#x936;&#x928;&#x94D;&#x938; </subfield>
    <subfield code="c">2001</subfield>
  </datafield>
  <datafield tag="270" ind1=" " ind2=" ">
    <subfield code="b">&#x928;&#x908; &#x926;&#x93F;&#x932;&#x94D;&#x932;&#x940; </subfield>
    <subfield code="a">&#x938;&#x940;-18, &#x938;&#x93E;&#x909;&#x925; &#x90F;&#x915;&#x94D;&#x938;&#x91F;&#x947;&#x902;&#x936;&#x928;-2, </subfield>
    <subfield code="e">110049</subfield>
  </datafield>
  <datafield tag="300" ind1=" " ind2=" ">
    <subfield code="a">216&#x92A;&#x943;. </subfield>
    <subfield code="c">21&#x938;&#x947;&#x92E;&#x940; (&#x938;&#x91C;&#x93F;&#x932;&#x94D;&#x926;)</subfield>
  </datafield>
  <datafield tag="650" ind1=" " ind2=" ">
    <subfield code="a">&#x92E;&#x93E;&#x928;&#x938;&#x93F;&#x915; &#x924;&#x928;&#x93E;&#x935; -- &#x92E;&#x928;&#x94B;&#x935;&#x93F;&#x91C;&#x94D;&#x91E;&#x93E;&#x928; </subfield>
    <subfield code="9">93752</subfield>
  </datafield>
  <datafield tag="650" ind1=" " ind2=" ">
    <subfield code="a">&#x938;&#x92E;&#x938;&#x94D;&#x92F;&#x93E;&#x913;&#x902; &#x915;&#x93E; &#x938;&#x92E;&#x93E;&#x927;&#x93E;&#x928; </subfield>
    <subfield code="9">1911</subfield>
  </datafield>
  <datafield tag="650" ind1=" " ind2=" ">
    <subfield code="a">Mental stress -- Psychology</subfield>
    <subfield code="9">93753</subfield>
  </datafield>
  <datafield tag="650" ind1=" " ind2=" ">
    <subfield code="a">Solve problems</subfield>
    <subfield code="9">93754</subfield>
  </datafield>
  <datafield tag="942" ind1=" " ind2=" ">
    <subfield code="2">ddc</subfield>
    <subfield code="c">HN</subfield>
    <subfield code="h">155.9042</subfield>
    <subfield code="m">&#x905;&#x928;&#x93F;&#x932; </subfield>
  </datafield>
  <datafield tag="999" ind1=" " ind2=" ">
    <subfield code="c">120983</subfield>
    <subfield code="d">120983</subfield>
  </datafield>
  <datafield tag="952" ind1=" " ind2=" ">
    <subfield code="0">0</subfield>
    <subfield code="1">0</subfield>
    <subfield code="4">0</subfield>
    <subfield code="7">0</subfield>
    <subfield code="a">L</subfield>
    <subfield code="b">L</subfield>
    <subfield code="d">2015-09-30</subfield>
    <subfield code="e">Cen Lib/Ret</subfield>
    <subfield code="g">200.00</subfield>
    <subfield code="l">0</subfield>
    <subfield code="o">155.9042 &#x905;&#x928;&#x93F;&#x932;</subfield>
    <subfield code="p">B-056608</subfield>
    <subfield code="r">2015-09-30 00:00:00</subfield>
    <subfield code="t">1</subfield>
    <subfield code="v">200.00</subfield>
    <subfield code="w">2015-09-30</subfield>
    <subfield code="y">HN</subfield>
  </datafield>
</record>
